Statistiques concernant Culture Générale - Série 2452

Cliquez ici pour prendre le quiz!

Statistiques générales

  • Ce quiz a été pris 160 fois
  • Le résultat moyen est 5 sur 10

Statistiques - réponses

QuestionRéponse% Correct
Quel président de la république française a dissous l'Assemblée nationale en 1997 ? prénom et nomJacques Chirac
90%
A quel pays appartient l'archipel Zanzibar ? voir drapeauTanzanie
74%
Quel a été l'emblématique entraineur de football de l'AJ Auxerre ? prénom et nomGuy Roux
69%
Quel pays été appelé autrefois Guyane hollandaise ?Suriname
65%
Comment s'appelle la plus grande île du Japon ?Honshu
60%
Dans quel sport se sont illustrés les frères Guy et Lilian Cambérabéro ?rugby
48%
Quelle est la nationalité de l'inventeur du Rubik's Cube ?hongroise
35%
Dans quel pays la première femme au monde a-t-elle été élue au suffrage universel direct à la tête de l'état, de 1980 à 1996 ?Islande
23%
Qui a été a été ministre de l’Éducation nationale en France de 1988 à 1992 ? prénom et nomLionel Jospin
20%
Quel est le surnom donné au château de Christiansborg, siège du Parlement danois et qui signifie "château" ?Borgen
5%

Distribution des résultats

Percentile par nombre de réponses

% des personnes avec chaque résultat

Votre développement - résultats

Vous n’avez pas pris ce quiz